Redundant disk arrays : reliable, parallel secondary storage
Saved in:
| Main Author: | |
|---|---|
| Format: | Book |
| Language: | English |
| Published: |
Cambridge, Mass. :
MIT Press,
c1992
|
| Series: | ACM distinguished dissertations ;
; 1991 |
| Subjects: | |
| Tags: |
Add Tag
No Tags, Be the first to tag this record!
|
MARC
| LEADER | 00000nam a2200000 i 4500 | ||
|---|---|---|---|
| 001 | 1/99902 | ||
| 008 | 000223s1992 eng d | ||
| 020 | |a 0262071428 | ||
| 035 | |l 10057065 | ||
| 040 | |a GR-MY-UA |b gre |e aacr | ||
| 041 | 0 | |a eng | |
| 082 | 0 | |a 004.56 | |
| 100 | 1 | |a Gibson, Garth A. | |
| 245 | 1 | 0 | |a Redundant disk arrays : |b reliable, parallel secondary storage / |c Garth A. Gibson |
| 260 | |a Cambridge, Mass. : |b MIT Press, |c c1992 | ||
| 300 | |a xxi, 288 p.; |b ill.; |c 24 cm. | ||
| 490 | 1 | |a ACM distinguished dissertations |v ; 1991 | |
| 504 | |a Includes bibliographical references and index | ||
| 650 | 0 | 0 | |a Magnetic disks. |
| 650 | 0 | 0 | |a Parallel processing (Electronic computers) |
| 830 | 0 | |a ACM distinguished dissertations ; |v ; 1991 | |
| 852 | |a INST |b SAMOS |e 20000223 |h 004.56 GIB |p 005300015737 |q 005300015737 |t BK |y 0 | ||
| 901 | |a BIBL3-2000-1 | ||
| 909 | |a Σ |b 071658 | ||
| 922 | |a 3ΕΛΗ |b 199912 |c ΤΠΕΣ |d ΠΑΠΑΣΩΤΗΡΙΟΥ | ||
| 950 | |a 133-1999-07-20 | ||
| 970 | |a ΓΕΝΟΥΖΟΥ |b ΧΡΥΣΑΝΘΗ |z 2000/02/23 | ||